[Event "BL 8485 München 36-Bamberg"]
[Site "?"]
[Date "1985.??.??"]
[Round "?.6"]
[White "Zysk, R."]
[Black "Kestler, H."]
[Result "1-0"]
[WhiteElo "2325"]
[BlackElo "2410"]
[PlyCount "109"]
[EventDate "1985.??.??"]

1. Nf3 Nf6 2. c4 c5 3. Nc3 g6 4. g3 b6 5. Bg2 Bb7 6. O-O Bg7 7. d3 O-O 8. e4 d6
9. h3 Nc6 10. Be3 e5 11. Qd2 Nd4 12. Ne1 Qd7 13. Kh2 Nh5 14. Nd5 f5 15. exf5
gxf5 16. Bxd4 cxd4 17. Qg5 Nf6 18. Qxf5 Rad8 19. Qxd7 Rxd7 20. Nxf6+ Rxf6 21.
Rc1 Bh6 22. Rc2 Bxg2 23. Kxg2 Rdf7 24. Re2 Rf5 25. b3 Kf8 26. f3 Rb7 27. f4
exf4 28. Nc2 Rg7 29. g4 Re5 30. Nxd4 Rg6 31. Rfe1 Bg7 32. Nf3 Rxe2+ 33. Rxe2 h5
34. g5 d5 35. h4 Rd6 36. cxd5 Rxd5 37. d4 Rf5 38. Re4 Kg8 39. Ne5 Bxe5 40. dxe5
f3+ 41. Kf2 Kg7 42. e6 Kf8 43. Re3 Ke7 44. Rxf3 Ra5 45. a4 Rc5 46. Re3 Rc1 47.
Kf3 Rg1 48. Kf4 Rg4+ 49. Kf5 Rxh4 50. Rd3 Rh1 51. Rd7+ Ke8 52. Rxa7 h4 53. g6
Rf1+ 54. Ke4 Rf6 55. g7 1-0

[Event "BL 8485 Erlangen-München 36"]
[Site "?"]
[Date "1985.??.??"]
[Round "?.1"]
[White "Unzicker, W."]
[Black "Heidrich, M."]
[Result "1/2-1/2"]
[WhiteElo "2470"]
[BlackElo "2260"]
[PlyCount "43"]
[EventDate "1985.??.??"]

1. Nf3 f5 2. d4 Nf6 3. g3 g6 4. Bg2 Bg7 5. O-O O-O 6. c4 d6 7. Nc3 Nc6 8. d5
Ne5 9. Nxe5 dxe5 10. e4 e6 11. Qb3 Qe7 12. Bd2 Rd8 13. Rad1 Rb8 14. exf5 gxf5
15. Be3 b6 16. dxe6 Bxe6 17. Bg5 Qf7 18. Nd5 h6 19. Bxf6 Bxf6 20. Nxf6+ Qxf6
21. Qa4 e4 22. b3 1/2-1/2

[Event "BL 8485 Erlangen-München 36"]
[Site "?"]
[Date "1985.??.??"]
[Round "?.2"]
[White "Huenerkopf, H."]
[Black "Robatsch, K."]
[Result "1-0"]
[WhiteElo "2255"]
[BlackElo "2430"]
[PlyCount "43"]
[EventDate "1985.??.??"]

1. e4 c5 2. Nf3 d6 3. d4 cxd4 4. Nxd4 Nf6 5. Nc3 Nc6 6. Bg5 Bd7 7. Be2 Qa5 8.
Bxf6 gxf6 9. Nb3 Qg5 10. Nd5 O-O-O 11. O-O Bh3 12. Ne3 Rg8 13. f4 Qg6 14. Rf3
Qh6 15. Nd4 Nxd4 16. Qxd4 Kb8 17. f5 e5 18. Qd5 Qh4 19. Kh1 Bh6 20. Rxh3 Qf2
21. Ba6 Rd7 22. Rf1 1-0

[Event "BL 8485 Erlangen-München 36"]
[Site "?"]
[Date "1985.??.??"]
[Round "?.3"]
[White "Nikolac, J."]
[Black "Roeder, F."]
[Result "1-0"]
[WhiteElo "2450"]
[BlackElo "2250"]
[PlyCount "111"]
[EventDate "1985.??.??"]

1. d4 d5 2. Nf3 Nf6 3. Bf4 Bf5 4. e3 e6 5. c4 c6 6. Qb3 Qb6 7. c5 Qxb3 8. axb3
Nbd7 9. h3 Be7 10. b4 a6 11. Nbd2 O-O 12. Nb3 Rfc8 13. Be2 Bd8 14. Na5 Ra7 15.
O-O Rca8 16. Ra3 Ne8 17. Rfa1 Bc7 18. g4 Bg6 19. Nh4 f6 20. Nxg6 hxg6 21. Bxc7
Nxc7 22. f3 Kf7 23. Kf2 Rc8 24. e4 Rh8 25. Kg3 g5 26. Re1 Nf8 27. Bf1 Ng6 28.
exd5 Nxd5 29. Rb3 Nc7 30. Nc4 Nb5 31. Nb6 Nxd4 32. Rd3 Rd8 33. Nc4 Ke7 34. Nd6
Nc2 35. Nf5+ Kf7 36. Rxd8 Nxe1 37. Nd6+ Ke7 38. Rg8 Ne5 39. Rxg7+ Kf8 40. Rc7
Nc2 41. Ne4 Nxb4 42. Nxf6 Nd5 43. Nxd5 exd5 44. f4 Nf7 45. fxg5 Nxg5 46. h4 Ne6
47. Rc8+ Kg7 48. g5 Nxc5 49. h5 a5 50. Rc7+ Kh8 51. Rc8+ Kh7 52. Bh3 Ne4+ 53.
Kf4 Nd6 54. Bf5+ Nxf5 55. Kxf5 a4 56. Kf6 1-0

[Event "BL 8485 Erlangen-München 36"]
[Site "?"]
[Date "1985.??.??"]
[Round "?.4"]
[White "Tischer, G."]
[Black "Bastian, H."]
[Result "1/2-1/2"]
[WhiteElo "2335"]
[BlackElo "2375"]
[PlyCount "94"]
[EventDate "1985.??.??"]

1. d4 Nf6 2. c4 g6 3. Nf3 Bg7 4. g3 O-O 5. Bg2 d6 6. Nc3 Nc6 7. d5 Na5 8. Nd2
c5 9. O-O Rb8 10. Qc2 e6 11. b3 b5 12. dxe6 bxc4 13. exf7+ Rxf7 14. bxc4 Bf5
15. e4 Be6 16. Rb1 Nxc4 17. h3 Nd7 18. Nd5 Rxb1 19. Nxb1 Bxd5 20. exd5 Ndb6 21.
Nc3 Qe8 22. Ne4 h6 23. h4 Qe5 24. Kh2 Kh8 25. Rd1 Qh5 26. f4 g5 27. fxg5 Be5
28. Kh3 Qg6 29. Qe2 h5 30. Rf1 Bd4 31. Rxf7 Qxf7 32. Nf6 Bxf6 33. gxf6 Ne5 34.
Bg5 c4 35. Be4 Nbd7 36. Bf5 Nxf6 37. Bxf6+ Qxf6 38. Qxh5+ Kg7 39. Qh7+ Kf8 40.
g4 Nf7 41. g5 Qc3+ 42. Kg4 Ne5+ 43. Kh5 Qf3+ 44. Kh6 Nf7+ 45. Kg6 Ne5+ 46. Kh6
Nf7+ 47. Kg6 Ne5+ 1/2-1/2

[Event "BL 8485 Bamberg-Bayern"]
[Site "?"]
[Date "1985.??.??"]
[Round "?.1"]
[White "Pfleger, He"]
[Black "Seppeur, R."]
[Result "1/2-1/2"]
[WhiteElo "2490"]
[BlackElo "2310"]
[PlyCount "102"]
[EventDate "1985.??.??"]

1. d4 c5 2. e3 Nf6 3. c4 g6 4. Nf3 Bg7 5. Be2 O-O 6. O-O cxd4 7. exd4 d5 8. Nc3
Nc6 9. Bg5 dxc4 10. Bxc4 Na5 11. Be2 Qb6 12. Qd2 Bg4 13. Bxf6 exf6 14. Nd5 Qd8
15. Ne3 Bd7 16. d5 b6 17. Nd4 f5 18. Nec2 Nb7 19. Rad1 Nd6 20. Nb4 Ne4 21. Qd3
Qf6 22. Bf3 Rfe8 23. Nbc6 Bxc6 24. Nxc6 Nd6 25. b3 g5 26. h3 a5 27. a4 Qc3 28.
Qxc3 Bxc3 29. Rc1 Bb2 30. Rc2 Ba3 31. Rd1 Kg7 32. Kf1 Rac8 33. Be2 Rc7 34. Bd3
Kf6 35. Ra1 Bc5 36. Rac1 Ba3 37. Re1 Rxe1+ 38. Kxe1 Rc8 39. Re2 Re8 40. Rxe8
Nxe8 41. Ke2 h6 42. Nb8 Bc5 43. Nd7+ Ke7 44. Nxc5 bxc5 45. Bxf5 Kd6 46. Be4 Ke5
47. Kd3 f5 48. Bf3 Nd6 49. g3 f4 50. gxf4+ gxf4 51. Bg2 Kf5 1/2-1/2

[Event "BL 8485 Bamberg-Bayern"]
[Site "?"]
[Date "1985.??.??"]
[Round "?.2"]
[White "Bartsch, B."]
[Black "Kindermann, S."]
[Result "0-1"]
[WhiteElo "2265"]
[BlackElo "2490"]
[PlyCount "102"]
[EventDate "1985.??.??"]

1. e4 c5 2. Nc3 Nc6 3. g3 g6 4. Bg2 Bg7 5. d3 d6 6. f4 e6 7. Nf3 Nge7 8. O-O
O-O 9. Be3 Nd4 10. Qd2 Rb8 11. Qf2 Nec6 12. Nh4 f5 13. h3 Bd7 14. Rac1 b5 15.
Nd1 b4 16. c3 bxc3 17. bxc3 Nb5 18. g4 fxg4 19. Qg3 Bf6 20. Bf2 Bxh4 21. Qxh4
Rxf4 22. Qg3 e5 23. hxg4 Rxg4 24. Qh2 Be6 25. Ne3 Rf4 26. a4 Nc7 27. Nd5 Bxd5
28. exd5 Ne7 29. Bh4 Qf8 30. Rxf4 exf4 31. Re1 Nexd5 32. Bh3 Re8 33. Rxe8 Qxe8
34. c4 Qe3+ 35. Bf2 Qc1+ 36. Kg2 Nf6 37. Bc8 Kg7 38. Qh3 Qc3 39. Qf3 Qe5 40.
Qb7 Qe7 41. Qxa7 g5 42. a5 g4 43. Qb7 g3 44. Bg1 Qe2+ 45. Kh3 Qh5+ 46. Kg2 Qe2+
47. Kh3 Qf1+ 48. Qg2 Qd1 49. Qb7 Qxg1 50. Qxc7+ Kh6 51. Kh4 g2 0-1

[Event "BL 8485 Bamberg-Bayern"]
[Site "?"]
[Date "1985.??.??"]
[Round "?.4"]
[White "Treppner, G."]
[Black "Bischoff, K."]
[Result "0-1"]
[WhiteElo "2300"]
[BlackElo "2375"]
[PlyCount "108"]
[EventDate "1985.??.??"]

1. d4 e6 2. Nf3 Nf6 3. Bf4 b6 4. e3 Bb7 5. Nbd2 Be7 6. h3 O-O 7. Bd3 c5 8. c3
Nc6 9. O-O cxd4 10. exd4 a6 11. Qe2 Re8 12. Ne5 Ra7 13. Ndf3 h6 14. Ng4 Bf8 15.
Bc2 Nd5 16. Bd2 f5 17. Nge5 Nce7 18. Nh4 Nf6 19. Nhg6 Nxg6 20. Nxg6 Bd6 21. Bf4
Bxf4 22. Nxf4 Ra8 23. Rfe1 g5 24. Nh5 Nxh5 25. Qxh5 Qf6 26. Bb3 Kg7 27. Qe2
Rac8 28. Qe5 Qxe5 29. Rxe5 Kf6 30. Rae1 Re7 31. f3 h5 32. Kf2 Rce8 33. R5e2 h4
34. Ke3 e5 35. dxe5+ Rxe5+ 36. Kd3 Rxe2 37. Rxe2 Rxe2 38. Kxe2 Ke5 39. Ke3 g4
40. Bd1 f4+ 41. Kf2 gxh3 42. gxh3 d5 43. Be2 a5 44. Bd3 Bc8 45. Bf1 Bf5 46. Ke2
Kd6 47. Kd2 Kc5 48. Bg2 Bb1 49. a3 Kc4 50. Kc1 Bf5 51. Kd2 Kb3 52. Kc1 Bd3 53.
Kd2 Bc4 54. Kc1 Ba6 0-1

[Event "BL 8485 Bamberg-Bayern"]
[Site "?"]
[Date "1985.??.??"]
[Round "?.5"]
[White "Calvo Minguez, R."]
[Black "Ruehrig, V."]
[Result "1-0"]
[WhiteElo "2410"]
[BlackElo "2375"]
[PlyCount "73"]
[EventDate "1985.??.??"]

1. d4 Nf6 2. c4 e6 3. Nc3 Bb4 4. Qc2 c5 5. dxc5 Na6 6. a3 Bxc3+ 7. Qxc3 Nxc5 8.
f3 Qc7 9. Nh3 a5 10. Bg5 e5 11. g3 a4 12. Bg2 d6 13. O-O Be6 14. Rad1 Nfd7 15.
f4 f6 16. fxe5 dxe5 17. Be3 O-O 18. Nf2 Qa5 19. Qb4 Ra7 20. Rd6 Kf7 21. Rfd1
Rc8 22. Bd5 Bxd5 23. R1xd5 b6 24. Nd3 Rac7 25. Rxd7+ Nxd7 26. Rxa5 bxa5 27.
Qxa4 e4 28. Nf2 Ne5 29. b3 f5 30. Qxa5 Re7 31. Bd4 Rce8 32. Qd5+ Kg6 33. Nh3 h5
34. Nf4+ Kh6 35. Bxe5 Rxe5 36. Qf7 Kh7 37. Nxh5 1-0

[Event "BL 8485 Bamberg-Bayern"]
[Site "?"]
[Date "1985.??.??"]
[Round "?.6"]
[White "Kestler, H."]
[Black "Klundt, K."]
[Result "0-1"]
[WhiteElo "2410"]
[BlackElo "2340"]
[PlyCount "82"]
[EventDate "1985.??.??"]

1. c4 Nf6 2. Nc3 g6 3. g3 Bg7 4. Bg2 O-O 5. Nf3 d6 6. O-O Nc6 7. d4 a6 8. Re1
Rb8 9. e4 Bg4 10. Be3 Nd7 11. Qd2 e5 12. d5 Bxf3 13. Bxf3 Nd4 14. Bg2 c5 15.
Ne2 b5 16. cxb5 Rxb5 17. b3 Rb4 18. Nxd4 exd4 19. Bh6 a5 20. Bxg7 Kxg7 21. f4
Re8 22. Rac1 Qb6 23. Bh3 Nf6 24. Bg2 Ng4 25. h3 Ne3 26. Rxe3 dxe3 27. Qxe3 f6
28. Kh2 Rd4 29. Re1 Qb4 30. Re2 Rd1 31. Qf3 Qd4 32. h4 h5 33. Kh3 Rd3 34. Qf1
Re7 35. Qe1 Qc3 36. Qf2 f5 37. exf5 Rxg3+ 38. Kh2 Rxe2 39. Qxe2 Re3 40. f6+ Kf7
41. Qf2 Qe1 0-1

[Event "BL 8485 Bamberg-Bayern"]
[Site "?"]
[Date "1985.??.??"]
[Round "?.8"]
[White "Schmidt, G."]
[Black "Schubert, C."]
[Result "0-1"]
[WhiteElo "2235"]
[BlackElo "2260"]
[PlyCount "75"]
[EventDate "1985.??.??"]

1. d4 Nf6 2. c4 g6 3. Nc3 Bg7 4. Bg5 d6 5. e3 O-O 6. f4 c5 7. Nf3 cxd4 8. exd4
Qb6 9. Qd2 Bg4 10. Be2 Nc6 11. Rd1 Nd7 12. Nd5 Qd8 13. O-O Re8 14. Rfe1 Nf8 15.
Kh1 Ne6 16. Ng1 Bf5 17. Nf3 Ncxd4 18. Nxd4 Nxd4 19. Bf6 Nxe2 20. Bxg7 Kxg7 21.
Qxe2 Be6 22. b3 Rc8 23. Qf2 a6 24. Ne3 b5 25. cxb5 axb5 26. f5 Bd7 27. f6+ exf6
28. Rxd6 Re6 29. Rd3 Qe8 30. Rf1 Bc6 31. Qg3 Be4 32. Rd6 Rc6 33. Rxc6 Qxc6 34.
Qf4 Re5 35. Kg1 Rg5 36. Ng4 Bxg2 37. Rc1 Qe6 38. Ne3 {.../40/} 0-1

[Event "BL 8485 12pl Delmenhorst-Braunschweig"]
[Site "?"]
[Date "1985.??.??"]
[Round "?.1"]
[White "Eng, H."]
[Black "Meyer, H."]
[Result "1/2-1/2"]
[WhiteElo "2345"]
[BlackElo "2245"]
[PlyCount "48"]
[EventDate "1985.??.??"]

1. Nf3 Nf6 2. c4 e6 3. Nc3 Bb4 4. Qc2 O-O 5. a3 Bxc3 6. Qxc3 b6 7. e3 a5 8. b3
d6 9. d4 Ne4 10. Qc2 Bb7 11. Bd3 f5 12. O-O Nd7 13. Nd2 Qh4 14. f3 Ng5 15. Rf2
Rf6 16. f4 Nh3+ 17. gxh3 Rg6+ 18. Kf1 Nf6 19. Ke1 Rg1+ 20. Nf1 Bg2 21. Ra2 Ne4
22. Kd1 Qh5+ 23. Ke1 Qh4 24. Kd1 Qh5+ 1/2-1/2

[Event "BL 8485 12pl Braunschweig-Lasker"]
[Site "?"]
[Date "1985.??.??"]
[Round "?.3"]
[White "Cladouras, P."]
[Black "Schruefer, G."]
[Result "1-0"]
[WhiteElo "2295"]
[BlackElo "2205"]
[PlyCount "87"]
[EventDate "1985.??.??"]

1. e4 c5 2. Nf3 d6 3. d4 cxd4 4. Nxd4 Nf6 5. Nc3 a6 6. Be2 e5 7. Nb3 Be7 8. O-O
Be6 9. f4 Qc7 10. f5 Bc4 11. Bxc4 Qxc4 12. Qd3 Qc6 13. Bg5 Nbd7 14. Bxf6 Nxf6
15. Nd5 Nxd5 16. exd5 Qb6+ 17. Kh1 Bg5 18. Rae1 f6 19. Re4 O-O 20. a3 Rfc8 21.
Rb4 Qc7 22. c3 Rab8 23. a4 Qd8 24. g3 Rc7 25. Kg2 Re7 26. Re1 Rc8 27. Re2 Qc7
28. Qe4 Rf7 29. a5 Bh6 30. Rb6 Rd7 31. Rb4 Rf7 32. Rc2 Rd7 33. c4 Qd8 34. Rb6
Rdc7 35. c5 dxc5 36. d6 Rd7 37. Qd5+ Kh8 38. Nxc5 Be3 39. b4 Bxc5 40. bxc5 h6
41. Rcb2 Kh7 42. Rxb7 Rxb7 43. Rxb7 Qxa5 44. Rxg7+ 1-0

[Event "BL 8485 12pl Lasker-Delmenhorst"]
[Site "?"]
[Date "1985.??.??"]
[Round "?.1"]
[White "Meyer, H."]
[Black "Wockenfuss, K."]
[Result "1/2-1/2"]
[WhiteElo "2245"]
[BlackElo "2335"]
[PlyCount "81"]
[EventDate "1985.??.??"]

1. d4 d6 2. Nf3 g6 3. c4 Bg7 4. Nc3 Nd7 5. e4 e5 6. Be2 Ngf6 7. O-O O-O 8. Be3
h6 9. dxe5 dxe5 10. h3 c6 11. Qc2 Nh5 12. Rfd1 Nf4 13. Bc5 Re8 14. Bd6 Qf6 15.
c5 Nf8 16. a4 g5 17. Ra3 N8g6 18. Bf1 g4 19. hxg4 Bxg4 20. Ne2 Nh3+ 21. gxh3
Bxf3 22. Re1 Bxe2 23. Bxe2 Bf8 24. Bxf8 Rxf8 25. Rg3 Rad8 26. Bc4 Kh7 27. Rd1
Rxd1+ 28. Qxd1 Rd8 29. Qf3 Kg7 30. Qf5 Rd1+ 31. Kg2 Rd2 32. b3 a6 33. Kf1 Rd1+
34. Ke2 Rh1 35. Qd7 Rh2 36. Rf3 Nf4+ 37. Kd2 h5 38. Kc2 h4 39. Kb2 Qg6 40. Qxb7
Qh5 41. Qd7 1/2-1/2

[Event "BL 8485 12pl Lasker-Delmenhorst"]
[Site "?"]
[Date "1985.??.??"]
[Round "?.2"]
[White "Paulsen, D."]
[Black "Hermann, Man"]
[Result "1/2-1/2"]
[WhiteElo "2360"]
[BlackElo "2345"]
[PlyCount "49"]
[EventDate "1985.??.??"]

1. d4 d5 2. c4 c6 3. Nf3 Nf6 4. Nc3 dxc4 5. a4 Bf5 6. Ne5 Na6 7. e3 Nb4 8. Bxc4
e6 9. O-O Be7 10. g4 Bc2 11. Qe2 Nd7 12. Nf3 Nb6 13. Ne1 Nxc4 14. Nxc2 Na5 15.
Nxb4 Bxb4 16. Ne4 Qd5 17. Bd2 Be7 18. Ng3 Nb3 19. Rad1 Nxd2 20. Rxd2 Rd8 21.
Rc1 O-O 22. Qc4 Qf3 23. Qe2 Qd5 24. Qc4 Qf3 25. Qe2 1/2-1/2

[Event "BL 8485 12pl Lasker-Delmenhorst"]
[Site "?"]
[Date "1985.??.??"]
[Round "?.4"]
[White "Muse, M."]
[Black "Juhnke, K."]
[Result "1-0"]
[WhiteElo "2240"]
[BlackElo "2325"]
[PlyCount "103"]
[EventDate "1985.??.??"]

1. Nf3 c5 2. c4 g6 3. d4 Bg7 4. Nc3 cxd4 5. Nxd4 Nc6 6. Nb3 d6 7. g3 Nf6 8. Bg2
O-O 9. O-O Be6 10. Nd5 Rc8 11. Bg5 Nd7 12. Qd2 Re8 13. Rac1 Nc5 14. Nxc5 dxc5
15. Rfd1 Bxd5 16. cxd5 Nd4 17. Bh3 f5 18. Bg2 Qb6 19. h4 Nb5 20. b3 Nd6 21. Qe3
Bf6 22. Qe6+ Kg7 23. Be3 h5 24. Rc2 Qb5 25. Bf4 Rcd8 26. Bc1 b6 27. Bb2 Qd7 28.
Qe3 Nb5 29. Qc1 e5 30. e3 Nd6 31. Bf1 Qe7 32. a3 e4 33. b4 cxb4 34. axb4 Bxb2
35. Qxb2+ Kh6 36. Rdc1 Rd7 37. Rc6 Rg8 38. Ba6 Qg7 39. Qxg7+ Rgxg7 40. Rd1 Rge7
41. Be2 Kg7 42. Rd2 Kf6 43. Bd1 g5 44. Bxh5 gxh4 45. gxh4 Rh7 46. Be8 Rd8 47.
h5 Rxe8 48. Rxd6+ Ke5 49. Rg6 Rxh5 50. d6 Rh7 51. d7 Rd8 52. Rgd6 1-0

[Event "BL 8485 12pl Lasker-Delmenhorst"]
[Site "?"]
[Date "1985.??.??"]
[Round "?.6"]
[White "Bilek Gonstalla, M."]
[Black "Schlemermeyer, W."]
[Result "1/2-1/2"]
[WhiteElo "2335"]
[BlackElo "2220"]
[PlyCount "33"]
[EventDate "1985.??.??"]

1. d4 d5 2. Nf3 e6 3. c4 Nf6 4. Nc3 Be7 5. Bg5 O-O 6. e3 Nbd7 7. Bd3 dxc4 8.
Bxc4 c5 9. O-O a6 10. a4 cxd4 11. exd4 Nb6 12. Bd3 Bd7 13. Qe2 Bc6 14. Ne5 Rc8
15. Rfd1 Nbd5 16. Nxc6 Rxc6 17. Rac1 1/2-1/2

[Event "BL 8586 Sindelfingen-Bochum"]
[Site "?"]
[Date "1985.??.??"]
[Round "?.1"]
[White "Heinbuch, D."]
[Black "Fahnenschmidt, G."]
[Result "1-0"]
[WhiteElo "2360"]
[BlackElo "2335"]
[PlyCount "227"]
[EventDate "1985.??.??"]

1. c4 e6 2. Nf3 d5 3. cxd5 exd5 4. d4 Be7 5. Nc3 Nf6 6. Bg5 O-O 7. e3 h6 8.
Bxf6 Bxf6 9. Bd3 c5 10. dxc5 Bxc3+ 11. bxc3 Qa5 12. Qb3 Nd7 13. Qb4 Qxb4 14.
cxb4 a5 15. Kd2 axb4 16. Rhb1 Nxc5 17. Rxb4 Ra3 18. Bc2 Be6 19. Nd4 Rfa8 20.
Kc1 Bd7 21. Nb3 Nxb3+ 22. Bxb3 Bc6 23. Kb2 Kf8 24. Rf4 f6 25. h4 R3a5 26. Rd1
Ke7 27. Rg4 g5 28. Rh1 Rf8 29. Rd4 Kd6 30. hxg5 hxg5 31. Rh6 Raa8 32. Rd1 Ke5
33. Rh7 Rh8 34. Re7+ Kd6 35. Rf7 Ke6 36. Rg7 Ke5 37. g3 Rh2 38. Rd2 Rah8 39.
Bc2 R2h6 40. Re7+ Kd6 41. Re4 Kc5 42. Red4 Re8 43. Bb3 Re5 44. Rc2+ Kb6 45.
Rcd2 Kc5 46. R4d3 Rh2 47. Kc3 g4 48. Rd4 Re4 49. Rxe4 dxe4 50. Be6 Rh1 51. Bxg4
Bd5 52. Kb2 Rf1 53. Bh3 Rh1 54. Bd7 Rf1 55. Rc2+ Kd6 56. Ba4 Rh1 57. Bb3 Bc6
58. Ka3 Rf1 59. Kb4 Rh1 60. Rc5 Bd7 61. Rd5+ Kc7 62. Rd2 Bc6 63. Bd5 Rc1 64.
Kb3 f5 65. Kb4 Kb6 66. Bb3 Kc7 67. Rd1 Rxd1 68. Bxd1 Kd6 69. Bb3 b6 70. Kc3 Ke5
71. Bc4 Bd7 72. a3 Be8 73. Ba6 Bh5 74. Bb5 Kd5 75. Bd7 Bg4 76. Kb4 Kd6 77. Bc8
Kc7 78. Be6 Kd6 79. Bf7 Be2 80. Bc4 Bh5 81. Kb5 Kc7 82. Be6 Be2+ 83. Kb4 Bg4
84. Kc4 Kd6 85. Bf7 Be2+ 86. Kd4 Bd1 87. Bc4 Bh5 88. Ba6 Bd1 89. Bb5 Bh5 90.
Bf1 Bg4 91. Kc4 Kc6 92. Kb4 Kc7 93. Kb5 Kb7 94. Bc4 Kc7 95. Ka6 Kc6 96. Bb5+
Kc7 97. Ka7 Bh5 98. Bf1 Bg4 99. Bg2 Kc6 100. Kb8 b5 101. Kc8 f4+ 102. Kd8 f3
103. Bf1 Kc5 104. Ke7 b4 105. axb4+ Kxb4 106. Kf6 Kc3 107. Kg5 Bd7 108. Ba6 Bc6
109. Kf4 Kd2 110. g4 Ke1 111. Kg3 Bd7 112. Bb7 Bxg4 113. Kxg4 Kxf2 114. Kf4 1-0

[Event "BL 8586 Sindelfingen-Bochum"]
[Site "?"]
[Date "1985.??.??"]
[Round "?.4"]
[White "Ullrich, F."]
[Black "Beckemeyer, W."]
[Result "1-0"]
[WhiteElo "2285"]
[BlackElo "2320"]
[PlyCount "83"]
[EventDate "1985.??.??"]

1. Nf3 Nf6 2. d4 g6 3. g3 Bg7 4. Bg2 O-O 5. c4 d6 6. O-O Nbd7 7. Nc3 e5 8. e4
a6 9. Qc2 exd4 10. Nxd4 Re8 11. Rd1 Ne5 12. c5 Bd7 13. f4 Nc4 14. c6 bxc6 15.
e5 Ng4 16. Qe2 d5 17. Nxc6 Bxc6 18. Qxg4 Bd7 19. Qf3 c6 20. b3 Nb6 21. Be3 f6
22. Qf2 Rb8 23. exf6 Bxf6 24. Rac1 Bg4 25. Rd2 Bd7 26. Bc5 Kg7 27. Ne2 a5 28.
Nd4 a4 29. Bf1 axb3 30. axb3 Kg8 31. Bd3 Nc8 32. b4 Be7 33. Bxe7 Qxe7 34. Nxc6
Bxc6 35. Rxc6 Rxb4 36. f5 Nd6 37. fxg6 hxg6 38. Re2 Ne4 39. Rxg6+ Kh7 40. Qf5
Qe5 41. Qf7+ Kh8 42. Rh6# 1-0

[Event "BL 8586 Zähringen-Solingen"]
[Site "?"]
[Date "1985.??.??"]
[Round "?.3"]
[White "Lobron, E."]
[Black "Kiefer, G."]
[Result "1-0"]
[WhiteElo "2525"]
[BlackElo "2220"]
[PlyCount "129"]
[EventDate "1985.??.??"]

1. d4 Nf6 2. Nf3 e6 3. e3 c5 4. Bd3 b6 5. O-O Bb7 6. b3 Be7 7. Bb2 O-O 8. Qe2
cxd4 9. exd4 d6 10. c4 Nbd7 11. Nbd2 Re8 12. Rfe1 Bf8 13. Rad1 a6 14. Bb1 Rb8
15. Ng5 b5 16. c5 h6 17. Nge4 Nd5 18. Nf3 f5 19. Nxd6 Bxd6 20. cxd6 Qb6 21. Ne5
Qxd6 22. Nxd7 Qxd7 23. Qe5 Qc7 24. Qxc7 Nxc7 25. Rc1 Nd5 26. f3 Kf7 27. Rc5
Rbd8 28. Bd3 Rd7 29. Bf1 g5 30. Kf2 Rc8 31. Rxc8 Bxc8 32. Rc1 Rc7 33. Rc5 Bb7
34. a3 Ke7 35. Rxc7+ Nxc7 36. Be2 Bd5 37. Bd1 Bc6 38. Bc3 Nd5 39. Bd2 Kf6 40.
g3 h5 41. h4 g4 42. Bg5+ Kf7 43. fxg4 fxg4 44. Bc2 a5 45. Ke2 a4 46. bxa4 bxa4
47. Kd3 Bb5+ 48. Ke4 Nc3+ 49. Ke5 Bc4 50. Bd2 Nb5 51. Bb4 Bb3 52. Be4 Nc7 53.
Bc6 Nd5 54. Bd6 Nf6 55. Kf4 Kg6 56. Bb8 Nd5+ 57. Ke5 Kf7 58. Bd6 Nf6 59. Bc5
Bc2 60. Kf4 Kg6 61. Bb5 Kf7 62. Kg5 Bd1 63. Bd3 Bf3 64. Bg6+ Kg7 65. Bf8+ 1-0

[Event "BL 8586 Zähringen-Solingen"]
[Site "?"]
[Date "1985.??.??"]
[Round "?.4"]
[White "Miltner, A."]
[Black "Short, N."]
[Result "0-1"]
[WhiteElo "2285"]
[BlackElo "2575"]
[PlyCount "72"]
[EventDate "1985.??.??"]

1. d4 e6 2. c4 Nf6 3. Nc3 Bb4 4. Bg5 h6 5. Bh4 c5 6. e3 cxd4 7. exd4 d5 8. Rc1
Nc6 9. Nf3 Be7 10. c5 g5 11. Bg3 Ne4 12. Bb5 Nxg3 13. hxg3 Kf8 14. Bxc6 bxc6
15. Ne5 Qe8 16. Qh5 Kg7 17. f4 Bb7 18. Qe2 f6 19. Nf3 Bd8 20. O-O Bc7 21. Rce1
Bc8 22. Qe3 Qg6 23. b4 Bd7 24. b5 Rhe8 25. a4 Rab8 26. bxc6 Bxc6 27. Nb5 Bxb5
28. axb5 Rxb5 29. f5 Qh5 30. fxe6 Bxg3 31. Qd3 g4 32. Re5 fxe5 33. Nh4 Bh2+ 34.
Kh1 Bf4 35. g3 Rb2 36. dxe5 Rh2+ 0-1

[Event "BL 8586 Zähringen-Solingen"]
[Site "?"]
[Date "1985.??.??"]
[Round "?.5"]
[White "Lau, R."]
[Black "Arnold, L."]
[Result "1/2-1/2"]
[WhiteElo "2460"]
[BlackElo "2305"]
[PlyCount "47"]
[EventDate "1985.??.??"]

1. e4 c5 2. Nf3 Nf6 3. e5 Nd5 4. d4 cxd4 5. Qxd4 e6 6. Bc4 Nc6 7. Qe4 d6 8.
exd6 Nf6 9. Qe2 Bxd6 10. O-O Qc7 11. Nc3 a6 12. Rd1 O-O 13. h3 Ne5 14. Bb3 Bd7
15. Nd4 Ng6 16. Ne4 Nxe4 17. Qxe4 Bh2+ 18. Kh1 Bf4 19. Bxf4 Nxf4 20. Re1 Rfe8
21. Qe5 Qxe5 22. Rxe5 Kf8 23. Rd1 Rad8 24. Ree1 1/2-1/2

[Event "BL 8586 Zähringen-Solingen"]
[Site "?"]
[Date "1985.??.??"]
[Round "?.7"]
[White "Ostermeyer, P."]
[Black "Raupp, T."]
[Result "1-0"]
[WhiteElo "2485"]
[BlackElo "2275"]
[PlyCount "77"]
[EventDate "1985.??.??"]

1. d4 Nf6 2. c4 c5 3. d5 e5 4. Nc3 d6 5. e4 Nbd7 6. g3 g6 7. Bg2 Bg7 8. Nh3 O-O
9. O-O a6 10. a4 Rb8 11. Ra3 Ne8 12. Qe2 Nc7 13. Rb3 h6 14. f4 exf4 15. gxf4
Re8 16. Nf2 b5 17. axb5 axb5 18. Nxb5 Ba6 19. Nxc7 Rxb3 20. Nxe8 Qxe8 21. Qc2
Rb4 22. b3 Qb8 23. e5 dxe5 24. f5 Rxb3 25. fxg6 fxg6 26. Qxg6 Rb6 27. Qg4 Qe8
28. Be3 Rg6 29. Qe4 Nf6 30. Qc2 Bf8 31. Kh1 Bc8 32. Ne4 Nd7 33. Bh3 Kh8 34. Qf2
Bg7 35. Qf7 Qxf7 36. Rxf7 Nb6 37. Bxc8 Nxc8 38. Bxc5 Rg4 39. d6 1-0

[Event "BL 8586 Zähringen-Solingen"]
[Site "?"]
[Date "1985.??.??"]
[Round "?.8"]
[White "Schuh, H."]
[Black "Borngaesser, R."]
[Result "1/2-1/2"]
[WhiteElo "2300"]
[BlackElo "2365"]
[PlyCount "68"]
[EventDate "1985.??.??"]

1. d4 g6 2. c4 Bg7 3. Nf3 d6 4. g3 f5 5. Bg2 Nf6 6. O-O O-O 7. Nc3 Nc6 8. d5
Ne5 9. Nd2 Nfd7 10. f4 Ng4 11. Nf3 Nc5 12. h3 Nf6 13. Kh2 e5 14. fxe5 dxe5 15.
Nxe5 Nh5 16. Nd3 Qd6 17. Bf4 Nxf4 18. gxf4 Bd7 19. e4 Nxd3 20. Qxd3 Bxc3 21.
Qxc3 fxe4 22. Qe5 Rfe8 23. Qxd6 cxd6 24. Rfe1 Rac8 25. Rac1 Bf5 26. Kg3 Rc7 27.
Kf2 Rec8 28. b3 b5 29. Bxe4 Bxh3 30. Kg3 Bd7 31. Bd3 bxc4 32. bxc4 Kf7 33. Rh1
h5 34. f5 Kf6 1/2-1/2

[Event "BL 8586 Bochum-Zähringen"]
[Site "?"]
[Date "1985.??.??"]
[Round "?.1"]
[White "Vatter, H."]
[Black "Heinbuch, D."]
[Result "1/2-1/2"]
[WhiteElo "2260"]
[BlackElo "2360"]
[PlyCount "61"]
[EventDate "1985.??.??"]

1. e4 c5 2. Nf3 Nc6 3. d4 cxd4 4. Nxd4 Nf6 5. Nc3 d6 6. Bg5 e6 7. Qd2 a6 8.
O-O-O Bd7 9. f4 Be7 10. Nf3 b5 11. Bxf6 Bxf6 12. Qxd6 Ra7 13. e5 Be7 14. Qd2
Qa5 15. Kb1 Bb4 16. Ng5 Bxc3 17. Qxc3 Qxc3 18. bxc3 Na5 19. Ne4 Ke7 20. Nd6 Rc7
21. Kb2 Bc6 22. h4 Rd7 23. Rh3 Nb7 24. Rhd3 Nc5 25. Rd4 Na4+ 26. Kb3 Rb8 27.
Re1 Rc7 28. Re3 Nb6 29. Kb2 Bd5 30. Ka1 h5 31. g3 1/2-1/2

[Event "BL 8586 Bochum-Zähringen"]
[Site "?"]
[Date "1985.??.??"]
[Round "?.2"]
[White "Sehner, N."]
[Black "Herbrechtsmeier, C."]
[Result "1-0"]
[WhiteElo "2320"]
[BlackElo "2330"]
[PlyCount "102"]
[EventDate "1985.??.??"]

1. c4 e6 2. Nf3 d5 3. g3 Nf6 4. Bg2 Be7 5. O-O O-O 6. d4 c5 7. cxd5 exd5 8. Nc3
Nc6 9. Bg5 cxd4 10. Nxd4 Re8 11. Rc1 Bg4 12. Nb3 h6 13. Be3 Be6 14. Rc2 Rc8 15.
a3 Na5 16. Nxa5 Qxa5 17. Bd4 Red8 18. Rd2 Ne8 19. Be5 Bf6 20. Bxf6 Nxf6 21. e3
a6 22. Rd4 Rc4 23. Rd3 Rd7 24. Qd2 Qd8 25. Rd1 Bg4 26. Nxd5 Bxd1 27. Nxf6+ Qxf6
28. Rxd7 Bh5 29. Bd5 Rc5 30. Be4 Bg6 31. Bxg6 Qxg6 32. Qd3 Rc1+ 33. Kg2 Qc6+
34. Qd5 Qxd5+ 35. Rxd5 Rc2 36. b4 Rc3 37. a4 Rb3 38. Rd4 Kf8 39. h4 g6 40. h5
g5 41. Rd6 Rxb4 42. Rxh6 Kg7 43. Rd6 g4 44. a5 Rb5 45. h6+ Kh7 46. Rd7 Kxh6 47.
Rxf7 Rxa5 48. Rxb7 Rg5 49. Rb6+ Rg6 50. Rb4 Kg7 51. Kf1 Kh6 1-0